Environmental Education for the 21st Century / Issues and Perspectives for a Permanent Forum (Record no. 2358)
[ view plain ]
| 000 -LEADER | |
|---|---|
| fixed length control field | 01196cam a22001934a 4500 |
| 005 - ΗΜΕΡΟΜΗΝΙΑ ΚΑΙ ΩΡΑ ΤΕΛΕΥΤΑΙΑΣ ΕΝΗΜΕΡΩΣΗΣ | |
| Πεδίο ελέγχου | 20250605164039.0 |
| 008 - FIXED-LENGTH DATA ELEMENTS--GENERAL INFORMATION | |
| Πεδίο ελέγχου σταθερού μήκους | 250528s ||||||||||||||||||||||||d |
| 035 ## - SYSTEM CONTROL NUMBER | |
| System control number | 16908 |
| 020 ## - ISBN | |
| ISBN | 9608666201 |
| 040 ## - ΠΗΓΗ ΚΑΤΑΛΟΓΟΓΡΑΦΗΣΗΣ | |
| Φορέας πρωτότυπης καταλογογράφησης | MC Athens Campus Library |
| Γλώσσα καταλογογράφησης | Ελληνικά, Μοντέρνα (1453-) |
| Modifying agency | MC Athens Campus Library |
| Κανόνες περιγραφικής καταλογογράφησης | AACR2 |
| 245 1# - ΤΙΤΛΟΣ ΚΑΙ ΔΗΛΩΣΗ ΥΠΕΥΘΥΝΟΤΗΤΑΣ | |
| Τίτλος | Environmental Education for the 21st Century / Issues and Perspectives for a Permanent Forum |
| 260 ## - PUBLICATION, DISTRIBUTION, ETC. | |
| Name of publisher, distributor, etc. | Polis - International Network In Environmental Edu, |
| Date of publication, distribution, etc. | 2000 |
| 300 ## - PHYSICAL DESCRIPTION | |
| Extent | 216 |
| 520 ## - SUMMARY, ETC. | |
| Summary, etc. | This book aims to contribute to the enrichment of the debate about Environmental Education, presenting the diversity of views, in terms of objectives, methods and activity subjects. Introduction, Diversions, The Variety of Conceptions in Environmental Education, The Diversity of Actors and the Target Audiences and the Strategies According to the Kind of Audience, Network and Project Diversity, Activity Subjects and Pedagogical Methods, Didactic Resources in Environmental Education, Training and Research - Project Evaluation, Beyond Understanding and Taking Action: For a True Citizenship, Conclusion, Annexes: Supplementary Information. |
| 700 1# - ΠΡΟΣΘΕΤΗ ΑΝΑΓΡΑΦΗ--ΦΥΣΙΚΟ ΠΡΟΣΩΠΟ | |
| Personal name | Ziaka Yolanda |
| 9 (RLIN) | 3002 |
| 942 ## - ADDED ENTRY ELEMENTS (KOHA) | |
| Koha item type | Books |
| Τύπος τεκμηρίου | Βιβλιοθήκη | Τρέχουσα τοποθεσία | Barcode | Αριθμός εισαγωγής | Ημερομηνία απόκτησης | Ταξιθετικό σύμβολο | Αριθμός αντιτύπου | Κατάσταση απόσυρσης | Κατάσταση χαμένου | Κατάσταση κατεστραμμένου | Μη δανεισμός | Σύνολο δανεισμών | Ημερομηνία τελευταίας εμφάνισης | Η τιμή ισχύει από |
|---|---|---|---|---|---|---|---|---|---|---|---|---|---|---|
| Books | MC Athens Campus Library | MC Athens Campus Library | 9780000023575 | 5564 | 05/06/2025 | 304.28 ZIA | 1 | 05/06/2025 | 05/06/2025 |